00625 2200205 4500001002100000005001700021035002400038040001200062082001100074084002100085100001100106245013200117260003500249300003200284650003800316700001900354700001300373850001200386990002100398YOGYA00000000002719220170509105836.0 0010-081400000026910 aYOPDYOG a373.23 aDEP 373.23 Sam B aSAMANI aBuku kenangan penyerahan kembali siswa siswi SMA BOPKRI I Yogyakarta Tahun Ajaran 1991-1992c/ Samani, Sutardjo, Lindu Sutardjo aYogyakartabSMA BOPKRI Ic1992 a129 hlm.b: ilus.c; 21 cm. aSekolah Menengah AtaszYogyakarta aLindu Sutardjo aSutardjo aYOPDYOG aCB-D.11/1992-582